000 00521nmm a2200157Ia 4500
008 251105s9999||||xx |||||||||||||||||und||
020 _a9788490646052
041 _aspa
100 _aGarcía Avilés, José Alberto
245 0 _aComunicar en la Sociedad Red :
_b Teorías, modelos y prácticas
264 _a[Madrid, España] :
_bUniversitat Oberta de Catalunya,
_c2015
300 _a298 páginas
650 _aMedia Studies (Journ., TV, etc)
856 _uhttps://public.digitaliapublishing.com/a/37225
942 _cCF
999 _c87734
_d87734